Годишните времена (Запис номер 518558)
[ съкратено ]
| 000 -Лидер | |
|---|---|
| Лидер | 01503njm a2200301 a 4500 |
| 003 - Код на организацията, давaща контролен номер | |
| Код на организацията, даваща контролен номер | BLK |
| 005 - Дата и час на последна редакция | |
| Дата и час на последна редакция | 20241011114109.0 |
| 007 - Фиксирано поле за физическо описани | |
| Физическо описание | sd ammalaaahaa |
| 008 - Елементи от данни с фиксирана дължина | |
| Елементи с фиксирана дължина | 221104b bu |||||s|||| 00| | bu d |
| 028 ## - PUBLISHER NUMBER | |
| Издателски номер | ВСА 1250 |
| 040 ## - Източник на каталожния запис | |
| Код на библиотеката | BLK |
| 041 ## - Код за език | |
| Език на записа | Български |
| -- | Английски |
| Език за КДБФ | Български |
| 080 ## - УДК | |
| УДК текст | Камерен оркестър |
| УДК код | 785.16 |
| УДК – код + определител | 785.16(086.72) |
| 100 1# - Редна дума - Автор | |
| R(LIN) | 47870 |
| Автор | Вивалди, Антонио |
| 245 ## - Сведения за заглавието | |
| Заглавие | Годишните времена |
| Авторска отговорност | Антонио Вивалди ; изп. Камерен ансамбъл "Софийски солисти"; соло цигулка Стойка Миланова; диригент Васил Казанджиев |
| 260 ## - Област на издателските данни | |
| 9 (RLIN) | 210374 |
| Място на издаване | София |
| Име на издателя | Балкантон |
| Година на издаване | 1973 |
| 300 ## - Физическа характеристика | |
| Брой страници | 1 грамофонна плоча |
| Илюстрации | 33 об/мин, стерео |
| Размер | 30 см |
| 380 ## - Жанр | |
| Жанр | Изкуство |
| 500 ## - Общи забележки | |
| Обща забележка | Пролет (Allegro - Largo e pianissiimo sempre - Danza pastorale. Allegro),<br/>Лято (Allegro non molto - Adagio - Presto (Tempo impetusos d'Estate),<br/>Есен (Allegro - Adagio - Allegro),<br/>Зима (Allegro non molto - Largo - Allegro) |
| 653 ## - Ключова дума – ненормативна | |
| 9 (RLIN) | 471325 |
| Ключови думи | симфонични концерти |
| 700 1# - Други автори (авторска отговорност) | |
| 9 (RLIN) | 95535 |
| Друг автор | Миланова, Стойка Стоянова |
| 700 ## - Други автори (авторска отговорност) | |
| Друг автор | Казанджиев, Васил Иванов |
| Дати, свързани с автора | 1934 - |
| Друга информация | композитор |
| 9 (RLIN) | 387582 |
| 852 ## - Местоположение | |
| Сигнатура (форматна) | Ф ІІ 2197 |
| Отдел | Хранилище |
| 856 ## - Електронен адрес и достъп | |
| Инструкция (цена за достъп) | 0.00 |
| Права за достъп | disable |
| 942 ## - АРТИКУЛИ | |
| Вид на библиотечния документ | Грамофонни плочи |
| Скрит в OPAC | Не |
| 944 ## - СЪЗДАВАНЕ И РЕДАКЦИЯ на ЗАПИСА | |
| Дата на регистрацията/редакция | Нора Радева |
| Служител, извършил регистрацията/редакцията | 30560 |
| Създаване/Редакция | |
| Статус, дата на статуса | Геновева Генчева |
| 999 ## - СИСТЕМНИ КОНТРОЛНИ НОМЕРА | |
| Koha biblionumber | 518558 |
| Koha biblioitemnumber | 518558 |
| 999 ## - СИСТЕМНИ КОНТРОЛНИ НОМЕРА | |
| Koha biblioitemnumber | 515325 |
| Код за отписване | Код за изгубен артикул | Източник на класификационната схема | Код за повреда | Коз за рестрикции | Код за отдаване | Артикулен № | Име на библиотеката - собственик | Име на библиотеката, в която се намира в момента | Статус (Текущо местоположение) | Дата на вписване в системата | Местоположение - отдел | Цена в лева | Инвентарен номер | Систематично азбучна сигнатура | Баркод | Номер на екземпляра | Цена в евро | Служебен тип на артикула |
|---|---|---|---|---|---|---|---|---|---|---|---|---|---|---|---|---|---|---|
| Изтеглен | Не е изгубен | Universal Decimal Classification | Не е повреден | само за читалня | ползва се в читалня | 364610 | Регионална библиотека "Любен Каравелов" Русе | Регионална библиотека "Любен Каравелов" Русе | Хранилище | 2004-01-26 | Основен фонд - ползва се само за читалня | 2.30 | 260000020622 | Ф ІІ 2197 | 260000020622 | 1 | 1.18 | Грамофонни плочи |
| Не е изгубен | Universal Decimal Classification | Не е повреден | само за читалня | ползва се в читалня | 950864 | Регионална библиотека "Любен Каравелов" Русе | Регионална библиотека "Любен Каравелов" Русе | Хранилище | 2024-10-07 | Основен фонд - ползва се само за читалня | 2.30 | 20622 | Ф ІІ 2197 | 900000108020 | 1.18 | Грамофонни плочи |